[Event "CUB Cup Ventana Sur"]
[Site "Bayamo"]
[Date "2018.08.21"]
[Round "4.3"]
[White "Hidalgo Zayas, Pedro Ernesto"]
[Black "Machado Rojas, Gleidis Yisel"]
[Result "1-0"]
[WhiteElo "1829"]
[BlackElo "1859"]
[PlyCount "57"]
[EventDate "2018.08.20"]
[EventType "team-tourn"]
[EventRounds "10"]
[EventCountry "CUB"]
[SourceTitle "CBM 195 Extra"]
[Source "ChessBase"]
[SourceDate "2020.05.31"]
[SourceVersion "1"]
[SourceVersionDate "2020.05.31"]
[SourceQuality "1"]

1. e4 d5 2. exd5 Nf6 3. d4 Bg4 4. Be2 Bxe2 5. Qxe2 Qxd5 6. Nf3 Nc6 7. Nc3 Qf5 8. 0-0 0-0-0 9. Rd1 e6 10. a3 Be7 11. b4 Nd5 12. Nxd5 Rxd5 13. c4 Rd7 14. Bb2 Bf6 15. b5 Ne7 16. a4 g5 17. a5 g4 18. Ne5 Bxe5 19. dxe5 Rhd8 20. Rxd7 Rxd7 21. Qe3 Kb8 22. Bd4 Ka8 23. Bxa7 Ng6 24. Bd4 Nf4 25. Kf1 h5 26. b6 c6 27. a6 h4 28. axb7+ Kxb7 29. Ra7+ 1-0

[Event "CUB Province-chT Schools 54th"]
[Site "Santa Clara"]
[Date "2018.07.15"]
[Round "6.4"]
[White "Machado Rojas, Gleidis Yisel"]
[Black "Vieites Santana, Daniela Ines"]
[Result "0-1"]
[WhiteElo "1845"]
[BlackElo "1804"]
[PlyCount "102"]
[EventDate "2018.07.13"]
[EventType "team-swiss"]
[EventRounds "9"]
[EventCountry "CUB"]
[SourceTitle "CBM 195 Extra"]
[Source "ChessBase"]
[SourceDate "2020.05.31"]
[SourceVersion "1"]
[SourceVersionDate "2020.05.31"]
[SourceQuality "1"]
[WhiteTeam "Granma"]
[BlackTeam "Cienfuegos"]
[WhiteTeamCountry "CUB"]
[BlackTeamCountry "CUB"]

1. d4 Nf6 2. Nf3 g6 3. Bf4 c5 4. c3 Bg7 5. e3 cxd4 6. exd4 0-0 7. Nbd2 d6 8. h3 Nc6 9. Be2 Bd7 10. 0-0 Re8 11. Nc4 Nd5 12. Bg3 Rc8 13. Re1 b5 14. Ncd2 b4 15. c4 Nb6 16. c5 Nd5 17. cxd6 exd6 18. Ba6 Rxe1+ 19. Qxe1 Ra8 20. Nc4 Bf8 21. Qe4 Nf6 22. Qh4 Bc8 23. Bb5 Bb7 24. Ncd2 Nh5 25. Qxd8 Rxd8 26. Bh4 Rc8 27. g4 Nf4 28. Bg3 Nd5 29. Rc1 Nxd4 30. Rxc8 Nxf3+ 31. Nxf3 Bxc8 32. Bc4 Bb7 33. Nd4 Bg7 34. Nb5 Bxb2 35. Nxa7 Nb6 36. Bb3 d5 37. Nb5 Ba6 38. Nd6 Nc4 39. Nxc4 dxc4 40. Bc2 c3 41. Bd6 Ba3 42. Be5 Bc4 43. Bb1 g5 44. Bd4 Be2 45. Bc2 Bc4 46. Bb1 Kf8 47. f3 Ke7 48. Kf2 Kd6 49. Bg7 Bxa2 50. Bc2 Ke6 51. Bf5+ Ke7 0-1

[Event "Tomas Aguilera Angelino Memorial"]
[Site "Ciego de Avila"]
[Date "2018.04.09"]
[Round "8"]
[White "Cabrales Santos, Guzman"]
[Black "Machado Rojas, Gleidis Yisel"]
[Result "1/2-1/2"]
[WhiteElo "1549"]
[BlackElo "1826"]
[PlyCount "83"]
[EventDate "2018.04.05"]
[EventType "swiss"]
[EventRounds "9"]
[EventCountry "CUB"]
[SourceTitle "EXT 2021"]
[Source "ChessBase"]
[SourceDate "2020.10.23"]
[SourceVersion "1"]
[SourceVersionDate "2020.10.23"]
[SourceQuality "1"]

1. d4 d5 2. c4 e6 3. Nc3 Nf6 4. cxd5 exd5 5. Bg5 Be7 6. e3 Nbd7 7. Bd3 0-0 8. Nf3 b6 9. Rc1 Bb7 10. Bxf6 Nxf6 11. Na4 Ne4 12. 0-0 f5 13. Qc2 Rc8 14. Ne5 Rf6 15. f3 Nd6 16. Qe2 Qe8 17. b3 Rh6 18. Nc3 Qh5 19. h3 Rd8 20. Nb5 Nxb5 21. Bxb5 c5 22. f4 Qxe2 23. Bxe2 cxd4 24. exd4 Ba3 25. Rc7 Ba8 26. Rxa7 Bb2 27. Rd1 Rh4 28. g3 Rxh3 29. Kg2 Rh6 30. Ba6 Re6 31. Bb7 Bxb7 32. Rxb7 h6 33. Kf2 Ra8 34. a4 Rc8 35. Rd3 Rc2+ 36. Kf1 Rc3 37. Ke2 Rc2+ 38. Kf1 Ba3 39. Rd7 Bd6 40. Rd8+ Kh7 41. Rd7 Kg8 42. Rd8+ 1/2-1/2

[Event "Bayamo Cespedes tt"]
[Site "Bayamo"]
[Date "2018.03.05"]
[Round "8.3"]
[White "Machado Rojas, Gleidis Yisel"]
[Black "Hernandez Gil, Ineymig"]
[Result "0-1"]
[WhiteElo "1817"]
[BlackElo "1945"]
[PlyCount "114"]
[EventDate "2018.03.01"]
[EventType "team-tourn"]
[EventRounds "10"]
[EventCountry "CUB"]
[EventCategory "1"]
[SourceTitle "CBM 195 Extra"]
[Source "ChessBase"]
[SourceDate "2020.05.31"]
[SourceVersion "1"]
[SourceVersionDate "2020.05.31"]
[SourceQuality "1"]

1. d4 d5 2. Nf3 Nf6 3. e3 g6 4. Nbd2 Bg7 5. b3 0-0 6. Bb2 c5 7. Bd3 Nfd7 8. 0-0 Nc6 9. a3 e5 10. dxe5 Ndxe5 11. Nxe5 Nxe5 12. Rb1 Nxd3 13. cxd3 d4 14. e4 Be6 15. Rc1 Qe7 16. f4 Rfc8 17. Qf3 Bh6 18. Rc2 b5 19. Kh1 f5 20. e5 Rab8 21. Rfc1 Bf8 22. Kg1 Qf7 23. Qe2 Rd8 24. Re1 Rb6 25. Nf3 Bxb3 26. Rd2 h6 27. Qf2 Bd5 28. Nh4 Kh7 29. h3 Be6 30. Nf3 c4 31. Qh4 Be7 32. Ng5+ Bxg5 33. fxg5 h5 34. Rc2 Rd5 35. Qf4 Qe7 36. Rf2 Rb7 37. g4 fxg4 38. hxg4 Bxg4 39. Qe4 Qxg5 40. Bc1 Qd8 41. Rf6 Rg7 42. Qf4 Bf5 43. Kh2 Qc7 44. Qh6+ Kg8 45. Bf4 Qe7 46. Qg5 a5 47. dxc4 bxc4 48. Qg2 Rd8 49. Bg5 Qc7 50. Kg1 d3 51. Rc6 Qa7+ 52. Kh2 Re8 53. Qd5+ Kh7 54. Be3 Qf7 55. Qxa5 Qb7 56. Rxc4 Qb2+ 57. Qd2 Rb7 0-1

[Event "CUB School-chT"]
[Site "Santa Clara"]
[Date "2017.07.16"]
[Round "7.5"]
[White "Parra Hidalgo, Leydi Laura"]
[Black "Machado Rojas, Gleidis Yisel"]
[Result "1-0"]
[WhiteElo "1808"]
[BlackElo "1768"]
[PlyCount "83"]
[EventDate "2017.07.13"]
[EventType "team-swiss"]
[EventRounds "9"]
[EventCountry "CUB"]
[SourceTitle "EXT 2023"]
[Source "ChessBase"]
[SourceDate "2022.10.05"]
[SourceVersion "1"]
[SourceVersionDate "2022.10.05"]
[SourceQuality "1"]

1. e4 d5 2. exd5 Nf6 3. Nf3 Bg4 4. Be2 Nxd5 5. d3 e6 6. 0-0 Be7 7. Bd2 0-0 8. Nc3 Bf6 9. Nxd5 exd5 10. c3 Nc6 11. d4 Re8 12. Re1 Ne7 13. Qc2 Bf5 14. Qb3 Qd7 15. Bf4 b6 16. Ne5 Bxe5 17. Bxe5 Ng6 18. Bg3 a6 19. Bf3 Be6 20. Re2 a5 21. Rae1 a4 22. Qc2 a3 23. b4 Rec8 24. h4 Bf5 25. Qb3 Be6 26. h5 Ne7 27. Qc2 Nf5 28. Be5 c5 29. Qd3 cxb4 30. cxb4 Rc4 31. Qd2 Ra4 32. g4 Nd6 33. Qg5 Ne8 34. h6 g6 35. Bf6 Nc7 36. Bd8 Ne8 37. Bxd5 Rxd4 38. Bxe6 fxe6 39. Rxe6 Kf8 40. Rxe8+ Qxe8 41. Rxe8+ Kxe8 42. Qe7# 1-0

[Event "CUB School-chT"]
[Site "Santa Clara"]
[Date "2017.07.14"]
[Round "3.1"]
[White "Diaz Garcia, Lianet"]
[Black "Machado Rojas, Gleidis Yisel"]
[Result "0-1"]
[WhiteElo "1716"]
[BlackElo "1768"]
[PlyCount "114"]
[EventDate "2017.07.13"]
[EventType "team-swiss"]
[EventRounds "9"]
[EventCountry "CUB"]
[SourceTitle "EXT 2023"]
[Source "ChessBase"]
[SourceDate "2022.10.05"]
[SourceVersion "1"]
[SourceVersionDate "2022.10.05"]
[SourceQuality "1"]

1. c4 c5 2. Nc3 Nc6 3. g3 g6 4. Bg2 Bg7 5. e3 e6 6. Nge2 Nge7 7. 0-0 d5 8. cxd5 exd5 9. d4 cxd4 10. exd4 0-0 11. Bg5 Be6 12. Rc1 Qb6 13. Qd2 Nf5 14. Nxd5 Bxd5 15. Bxd5 Ncxd4 16. Nxd4 Nxd4 17. Rfd1 Qb5 18. Bc4 Nf3+ 19. Kg2 Qxg5 20. Kxf3 Qxd2 21. Rxd2 Bh6 22. Rcd1 Bxd2 23. Rxd2 Rfd8 24. Re2 Kf8 25. b3 Rd4 26. Ke3 Rad8 27. f4 f5 28. Kf3 Rd2 29. Re6 R8d7 30. Bb5 Re7 31. Re2 Rexe2 32. Bxe2 Rxa2 33. h3 Ra3 34. Bc4 a5 35. Ke2 a4 36. bxa4 Rxg3 37. a5 Rxh3 38. Bd5 Ra3 39. Bxb7 Rxa5 40. Kf2 Ra3 41. Bf3 Ke7 42. Bd5 h5 43. Kg2 h4 44. Bc6 Rc3 45. Bb5 h3+ 46. Kh2 Rf3 47. Bc6 Rxf4 48. Kxh3 g5 49. Kg3 Kd6 50. Bf3 Ke5 51. Bc6 Rc4 52. Ba8 Rc3+ 53. Kf2 g4 54. Bb7 f4 55. Bg2 Rc2+ 56. Kg1 f3 57. Bf1 g3 0-1

[Event "CUB School-chT"]
[Site "Santa Clara"]
[Date "2017.07.14"]
[Round "4.4"]
[White "Machado Rojas, Gleidis Yisel"]
[Black "Cordon Antunez, Olga Rachel"]
[Result "1/2-1/2"]
[WhiteElo "1768"]
[BlackElo "1775"]
[PlyCount "93"]
[EventDate "2017.07.13"]
[EventType "team-swiss"]
[EventRounds "9"]
[EventCountry "CUB"]
[SourceTitle "EXT 2023"]
[Source "ChessBase"]
[SourceDate "2022.10.05"]
[SourceVersion "1"]
[SourceVersionDate "2022.10.05"]
[SourceQuality "1"]

1. d4 Nf6 2. Nf3 e6 3. Bg5 Be7 4. e3 b6 5. Bd3 Bb7 6. Nbd2 0-0 7. 0-0 c5 8. c3 d6 9. Qc2 h6 10. Bh4 Nbd7 11. a4 a6 12. Rfe1 e5 13. dxe5 dxe5 14. Bg3 Bd6 15. Ne4 Bc7 16. Rad1 Qb8 17. Nfd2 Re8 18. Nc4 Nxe4 19. Bxe4 Bxe4 20. Qxe4 Nf6 21. Qc6 Re6 22. Qf3 b5 23. axb5 axb5 24. Na3 Ra5 25. Rd2 e4 26. Bxc7 Qxc7 27. Qe2 Qb7 28. Red1 Rea6 29. h3 b4 30. cxb4 cxb4 31. Nc4 Ra1 32. Nd6 Qc6 33. Qb5 Qxb5 34. Nxb5 Rxd1+ 35. Rxd1 Ra2 36. b3 Rb2 37. Nd4 Nd5 38. Ra1 Nc3 39. Ra8+ Kh7 40. Rb8 Na2 41. Rb7 Kg8 42. Rc7 Rb1+ 43. Kh2 Nc1 44. Rc8+ Kh7 45. Rc4 Nd3 46. Kg3 Rb2 47. Rc2 1/2-1/2

[Event "Camaguey 503 op"]
[Site "Camaguey"]
[Date "2017.02.06"]
[Round "9.3"]
[White "Ramos Lopez, Idara"]
[Black "Machado Rojas, Gleidis Yisel"]
[Result "0-1"]
[WhiteElo "1936"]
[BlackElo "1733"]
[PlyCount "100"]
[EventDate "2017.02.01"]
[EventType "swiss"]
[EventRounds "9"]
[EventCountry "CUB"]
[SourceTitle "EXT 2023"]
[Source "ChessBase"]
[SourceDate "2022.10.05"]
[SourceVersion "1"]
[SourceVersionDate "2022.10.05"]
[SourceQuality "1"]

1. e4 d5 2. exd5 Nf6 3. d4 Bg4 4. Be2 Bxe2 5. Nxe2 Nxd5 6. c4 Nb6 7. 0-0 e6 8. Bf4 Be7 9. Nbc3 a6 10. Re1 0-0 11. Qb3 Qc8 12. d5 exd5 13. Nxd5 Nxd5 14. cxd5 Bd6 15. Qg3 Qd8 16. Rac1 Nd7 17. Bxd6 cxd6 18. Nd4 Qf6 19. Re4 Ne5 20. f4 Nd7 21. f5 Rae8 22. Qe3 Rxe4 23. Qxe4 Ne5 24. Qe3 Qd8 25. Re1 Nd7 26. Qb3 Re8 27. Rxe8+ Qxe8 28. Kf2 Nc5 29. Qe3 Qxe3+ 30. Kxe3 Na4 31. f6 g6 32. b3 Nc3 33. Kf4 h6 34. Ke3 Nxd5+ 35. Kd3 Nxf6 36. a4 Nd5 37. g3 Nb4+ 38. Kc4 Nc6 39. Nc2 Kf8 40. Kd5 Ke7 41. Ne3 Ne5 42. b4 Kd7 43. b5 axb5 44. axb5 f6 45. h3 f5 46. h4 Ng4 47. Nf1 Nf6+ 48. Kd4 Kc7 49. Ne3 Kb6 50. Kc4 Ka5 0-1

[Event "Camaguey 503 op"]
[Site "Camaguey"]
[Date "2017.02.05"]
[Round "8.4"]
[White "Machado Rojas, Gleidis Yisel"]
[Black "Obregon Garcia, Roxangel"]
[Result "0-1"]
[WhiteElo "1733"]
[BlackElo "1953"]
[PlyCount "66"]
[EventDate "2017.02.01"]
[EventType "swiss"]
[EventRounds "9"]
[EventCountry "CUB"]
[SourceTitle "EXT 2023"]
[Source "ChessBase"]
[SourceDate "2022.10.05"]
[SourceVersion "1"]
[SourceVersionDate "2022.10.05"]
[SourceQuality "1"]

1. d4 d5 2. Nf3 Nf6 3. c3 e6 4. Bg5 Be7 5. e3 0-0 6. Nbd2 Nbd7 7. Bd3 c5 8. 0-0 b6 9. Qe2 Bb7 10. e4 cxd4 11. e5 Ne4 12. Bxe7 Qxe7 13. cxd4 f5 14. exf6 Ndxf6 15. Bxe4 dxe4 16. Ng5 Rad8 17. Ngxe4 Nxe4 18. Nxe4 Rxd4 19. Ng3 Bd5 20. b3 Rh4 21. Rfe1 Rh6 22. Qg4 Qf6 23. Rf1 Rh4 24. Qe2 Rh6 25. Qg4 Rg6 26. Qh5 Rh6 27. Qg4 Rg6 28. Qh5 Qf4 29. f3 Rg5 30. Qh3 Rf6 31. Nh5 Qd4+ 32. Kh1 Rh6 33. g4 g6 0-1

[Event "Camaguey 503 op"]
[Site "Camaguey"]
[Date "2017.02.01"]
[Round "2.4"]
[White "Diaz Garcia, Lianet"]
[Black "Machado Rojas, Gleidis Yisel"]
[Result "1-0"]
[WhiteElo "1789"]
[BlackElo "1733"]
[PlyCount "99"]
[EventDate "2017.02.01"]
[EventType "swiss"]
[EventRounds "9"]
[EventCountry "CUB"]
[SourceTitle "EXT 2023"]
[Source "ChessBase"]
[SourceDate "2022.10.05"]
[SourceVersion "1"]
[SourceVersionDate "2022.10.05"]
[SourceQuality "1"]

1. e4 Nf6 2. e5 Nd5 3. d4 d6 4. Nf3 Bg4 5. Be2 Nc6 6. 0-0 e6 7. c4 Nb6 8. exd6 cxd6 9. b3 Be7 10. Bb2 0-0 11. h3 Bh5 12. Nbd2 Rc8 13. Rc1 Bg6 14. Re1 Bf6 15. Nf1 Re8 16. Bd3 Bxd3 17. Qxd3 Ne7 18. Ng3 Ng6 19. Nh5 Bg5 20. Rc2 d5 21. c5 Nd7 22. Bc1 Bxc1 23. Rexc1 Nf6 24. Ng3 Qa5 25. Rb2 a6 26. b4 Qa4 27. b5 axb5 28. Qxb5 Qxb5 29. Rxb5 Re7 30. Rcb1 Rcc7 31. a4 h6 32. Nd2 e5 33. Nf5 Red7 34. dxe5 Nxe5 35. Nd6 Nd3 36. Nxb7 d4 37. a5 Nd5 38. a6 Nc3 39. a7 Rc8 40. Ra5 Ra8 41. c6 Rc7 42. Rb6 Nf4 43. Rba6 Nfd5 44. Nc4 Nb4 45. Nb6 d3 46. Nxa8 d2 47. Ra1 Nxa6 48. Nxc7 Nxc7 49. a8Q+ Nxa8 50. Rxa8+ 1-0

[Event "Camaguey 503 op"]
[Site "Camaguey"]
[Date "2017.02.01"]
[Round "1.3"]
[White "Machado Rojas, Gleidis Yisel"]
[Black "Hernandez Gil, Ineymig"]
[Result "1-0"]
[WhiteElo "1733"]
[BlackElo "1792"]
[PlyCount "61"]
[EventDate "2017.02.01"]
[EventType "swiss"]
[EventRounds "9"]
[EventCountry "CUB"]
[SourceTitle "EXT 2023"]
[Source "ChessBase"]
[SourceDate "2022.10.05"]
[SourceVersion "1"]
[SourceVersionDate "2022.10.05"]
[SourceQuality "1"]

1. d4 d5 2. Nf3 c6 3. Nbd2 Nf6 4. b3 e6 5. Bb2 Bd6 6. e3 Nbd7 7. Bd3 0-0 8. 0-0 c5 9. Ne5 Bxe5 10. dxe5 Ne8 11. f4 f5 12. exf6 Nexf6 13. Rf3 Re8 14. Qe1 e5 15. fxe5 Nxe5 16. Bxe5 Rxe5 17. Qg3 Re6 18. Raf1 Qe7 19. e4 dxe4 20. Nxe4 Nxe4 21. Bxe4 Rh6 22. Rf7 Qxf7 23. Rxf7 Kxf7 24. Qc7+ Ke8 25. Qxg7 Re6 26. Qxh7 Re7 27. Qg8+ Kd7 28. Bf5+ Kc7 29. Qg3+ Kd8 30. Qd6+ Bd7 31. Bxd7 1-0

[Event "Granma Oriental zt (Women)"]
[Site "Granma"]
[Date "2016.11.27"]
[Round "11.3"]
[White "Wert Licea, Mile Del Carmen"]
[Black "Machado Rojas, Gleidis Yisel"]
[Result "1-0"]
[WhiteElo "1898"]
[BlackElo "1733"]
[PlyCount "43"]
[EventDate "2016.11.21"]
[EventType "tourn"]
[EventRounds "11"]
[EventCountry "CUB"]
[SourceTitle "EXT 2023"]
[Source "ChessBase"]
[SourceDate "2022.10.05"]
[SourceVersion "1"]
[SourceVersionDate "2022.10.05"]
[SourceQuality "1"]

1. e4 d5 2. exd5 Nf6 3. d4 Nxd5 4. Bc4 Nb6 5. Bb3 Nc6 6. c3 Bf5 7. Nf3 e6 8. Bf4 Bd6 9. Bxd6 cxd6 10. Nbd2 0-0 11. 0-0 Rc8 12. Re1 Re8 13. Nf1 Bg4 14. Ng3 e5 15. Qd3 Rc7 16. dxe5 Bxf3 17. exd6 Rxe1+ 18. Rxe1 h6 19. Qxf3 Qxd6 20. Re8+ Kh7 21. Bc2+ g6 22. Ne4 1-0

[Event "Granma Oriental zt (Women)"]
[Site "Granma"]
[Date "2016.11.24"]
[Round "6.6"]
[White "Rodriguez Alfonso, Lianet"]
[Black "Machado Rojas, Gleidis Yisel"]
[Result "1/2-1/2"]
[WhiteElo "1827"]
[BlackElo "1733"]
[PlyCount "161"]
[EventDate "2016.11.21"]
[EventType "tourn"]
[EventRounds "11"]
[EventCountry "CUB"]
[SourceTitle "EXT 2023"]
[Source "ChessBase"]
[SourceDate "2022.10.05"]
[SourceVersion "1"]
[SourceVersionDate "2022.10.05"]
[SourceQuality "1"]

1. e4 d5 2. exd5 Nf6 3. d4 Nxd5 4. c4 Nb6 5. h3 Nc6 6. Nf3 g6 7. Be3 Bg7 8. Be2 0-0 9. 0-0 e5 10. dxe5 Nxe5 11. Qb3 Be6 12. Nbd2 Qe7 13. Rfe1 Rfd8 14. Ng5 Rab8 15. Nge4 Ned7 16. Rac1 Bf5 17. Ng3 Be6 18. Qc2 Nf6 19. Bf3 Qd7 20. Rcd1 Qd3 21. Qc1 Qd7 22. Bg5 h6 23. Be3 Qa4 24. Bf4 Ne8 25. Nge4 Qb4 26. b3 Kh7 27. a3 Qf8 28. Nc3 Bxc3 29. Qxc3 Qg7 30. Be5 Qf8 31. Ne4 Rxd1 32. Rxd1 Nd7 33. Bf4 Nc5 34. b4 Nxe4 35. Bxe4 Qe7 36. Qd4 b6 37. Bc6 Nd6 38. Bxd6 Qxd6 39. Qxd6 cxd6 40. Bd5 Rd8 41. a4 Kg7 42. Rd4 Kf6 43. f3 Rc8 44. a5 Bxd5 45. Rxd5 Rxc4 46. axb6 Rxb4 47. bxa7 Ra4 48. Rxd6+ Ke7 49. Rb6 Rxa7 50. Rb8 Kf6 51. Kh2 Ra2 52. Kg3 Re2 53. Rb6+ Re6 54. Rb8 Re7 55. h4 Re6 56. Kh3 Re3 57. Rh8 Kg7 58. Ra8 Kf6 59. Kg3 Re2 60. Ra6+ Re6 61. Rxe6+ Kxe6 62. Kf4 Kf6 63. g4 g5+ 64. Kg3 Ke5 65. hxg5 hxg5 66. Kf2 Kf4 67. Kg2 Ke3 68. Kg3 f6 69. Kg2 Ke2 70. Kg3 Kf1 71. f4 Ke2 72. fxg5 fxg5 73. Kg2 Ke3 74. Kg3 Ke4 75. Kh3 Kf3 76. Kh2 Kxg4 77. Kg2 Kf4 78. Kf2 g4 79. Kg2 g3 80. Kg1 Kf3 81. Kf1 1/2-1/2